Statistics for Countries Without Vowels Quiz #07

Click here to take the quiz!

General Stats

  • This quiz has been taken 21 times
  • The average score is 12 of 14

Answer Stats

Countries (No Vowels)Countries% Correct
QTRQatar
100%
L SLVDREl Salvador
95%
NRTH KRNorth Korea
95%
SNGPRSingapore
95%
STH SDNSouth Sudan
95%
SWDNSweden
95%
CMRNCameroon
89%
VRY CSTIvory Coast
89%
MLDVMoldova
84%
NMBNamibia
84%
NDIndia
74%
PRPeru
74%
NDRRAndorra
68%
CBCuba
68%

Score Distribution

Percentile by Number Answered

Percent of People with Each Score

Your Score History

You have not taken this quiz